000 02128nam2a2200265 4500
001 RU\NLR\BIBL_A\010411392
005 20250614044723.0
010 _a978-5-00019-130-9
_9200
021 _aRU
_b2014-32547
_91989
035 _a(NLR Aleph) 010411392
090 _a9760380
_c9760380
100 _a20140710d2013 |||y0rusy50 ca
101 0 _arus
102 _aRU
105 _aa|||z|||100yy
200 1 _aИнститут филологии и искусств, Факультет журналистики и социологии, Институт педагогики и психологии
210 _d2013
_aБ. м.
215 _a255 с.
_cил.
300 _aЧасть текста на тат. яз.
320 _aБиблиогр. в конце ст.
461 0 _1001RU\NLR\BIBL_A\010414447
_12000#$aИтоговая научно-образовательная конференция студентов Казанского федерального университета 2013 года$eсборник статей$e[в 5 т.]$fМ-во образования и науки Рос. Федерации, Федер. гос. автоном. образоват. учреждение высш проф. образования "Каз. (Приволж.) федер. ун-т"$vТ. 5
_99779585
_aКазанский (Приволжский) федеральный университет. Итоговая научно-образовательная конференция студентов (2013)
_cКазань
_d2013
_fМ-во образования и науки Рос. Федерации, Федер. гос. автоном. образоват. учреждение высш проф. образования "Каз. (Приволж.) федер. ун-т"
_nКазанский университет
_oсборник статей : [в 5 т.]
_tИтоговая научно-образовательная конференция студентов Казанского федерального университета 2013 года
_vТ. 5
942 _cBOOK
980 _aNB